000 00655nam a2200277Ia 4500
005 20260320195739.0
008 008 262003s9999 xx 000 0 hin d
020 _a9788126709113
037 _aEBOOK
040 _aCRL
040 _bhin
040 _cCRL
041 _2hin
041 _ahin
084 _qCRL
100 _aराही मासूम रजा
_91132885
245 0 _aटोपी शुक्ला
250 _a22nd
260 _bRajkamal
260 _c1987
300 _a116
856 _uhttps://ebook.indiaread.in/pdfs/265_topi_shukla.pdf
942 _cEBOOK
999 _c1716278
_d1716278